000 00392pab a2200145 454500
008 180718b1987 xxu||||| |||| 00| 0 eng d
100 _aMehrots, N.N.
245 _aIndian Patents Act, Paris convention and self - reliance
260 _c1987
300 _a1461-5
362 _a22 Aug.
650 _aPatents - Legislation - India
773 _aEconomic and Political Weekly
909 _a14738
999 _c14738
_d14738